Вып. 17; Оптоэлектроника и полупроводниковая техника

গ্রন্থ-পঞ্জীর বিবরন
Parent link:Оптоэлектроника и полупроводниковая техника: республиканский межведомственный сборник научных трудов/ Академия наук Украинской ССР (АН УССР), Институт полупроводников (ИП) ; под ред. С. В. Свечникова. Вып. 17.— , 1982-1991
ভাষা:রুশ
প্রকাশিত: 1990
বিষয়গুলি:
বিন্যাস: MixedMaterials গ্রন্থ
KOHA link:https://koha.lib.tpu.ru/cgi-bin/koha/opac-detail.pl?biblionumber=224350

MARC

LEADER 00000nam2a2200000 4500
001 224350
005 20231101230602.0
035 |a (RuTPU)RU\TPU\book\244654 
035 |a RU\TPU\book\233969 
035 |a RU\TPU\book\233970 
090 |a 224350 
100 |a 20121024d1990 k y0rusy50 ca 
101 0 |a rus 
102 |a UA 
105 |a y z 001zy 
200 0 |a Вып. 17 
210 |d 1990 
215 |a 96 с.  |c ил. 
320 |a Библиография в конце статей 
461 1 |0 (RuTPU)RU\TPU\book\210447  |t Оптоэлектроника и полупроводниковая техника  |o республиканский межведомственный сборник научных трудов  |f Академия наук Украинской ССР (АН УССР), Институт полупроводников (ИП) ; под ред. С. В. Свечникова  |v Вып. 17  |d 1982-1991 
606 1 |a Оптоэлектроника  |2 stltpush  |3 (RuTPU)RU\TPU\subj\47265  |9 66320 
606 1 |a Полупроводниковая техника  |2 stltpush  |3 (RuTPU)RU\TPU\subj\50662  |9 69313 
610 1 |a классификация 
610 1 |a унификация 
610 1 |a разработки 
610 1 |a полупроводниковые структуры 
610 1 |a характеристики 
610 1 |a интегральная оптика 
675 |a 621.383  |v 3 
675 |a 621.382  |v 3 
801 1 |a RU  |b 63413507  |c 20120419 
801 2 |a RU  |b 63413507  |c 20170111  |g RCR 
942 |c BK